000 00788nab a2200217 4500
999 _c372274
_d372274
001 90031
003 OSt
005 20230303144507.0
007 tu
008 110905s2000|||||||
040 _aDE-2950
_cDE-2950
245 0 0 _aMit 17 von den Sowjets verurteilt.
_bGeschichte. Der Film "Transit Frankfurt (Oder) blickt auf die Situation der Stadt nach dem Krieg - und erzählt vom Schicksal deutscher Jugendlicher, die als Zwangsarbeiter nach Sibirien deportiert wurden /
_cChristina Flöhr
264 _c2023
653 _aFrankfurt (Oder)
653 _aZweiter Weltkrieg / Kriegsende
653 _aDeportation
653 _aFlüchtlinge
653 _aFilm "Transit Frankfurt"
773 0 _g34. Jahrgang (2023) Nr. 52, 02.03.2023, S. 16: Foto
_tMärkische Oderzeitung
942 _2z
_cA